| 000 | 00222nam a22000857a 4500 | ||
|---|---|---|---|
| 999 |
_c24007 _d24007 |
||
| 003 | Nust | ||
| 005 | 20170515123833.0 | ||
| 008 | 140430b xxu||||| |||| 00| 0 eng d | ||
| 020 |
_cAvailable _a.9812548939 |
||
| 040 |
_aDLC _bDLC _cRCMS |
||
| 082 |
_23rd, ed. _a519.4 CHA |
||
| 100 |
_aChapman,Stepen J _9244 |
||
| 245 | _aMATLAB Programming for Engineers | ||
| 260 |
_aSingapore _bThomson Learning _cc2004 |
||
| 300 |
_axviii,540,p: _bill: _c25,cm. |
||
| 538 | _iShelf # 15, Row # 3, Communication. Shelf # 15, Row # 5, Communication. | ||
| 650 |
_aComputer Engineering _9245 |
||
| 856 | _3Table of Content Only | ||
| 942 |
_2ddc _cBK |
||